Statystyki dla Kraje Których Język Urzędowy Nie Używa Alfabetu Łacińskiego

Kliknij tutaj aby rozwiązać quiz!

Ogólne statystyki

  • Ten quiz został rozwiązany 131 razy
    (129 od ostatniego zresetowania)
  • Średni wynik to 48 z 65

Statystyki odpowiedzi

Nazwa kraju% Poprawnych
Chiny
100%
Rosja
98%
Ukraina
96%
Japonia
95%
Arabia Saudyjska
94%
Egipt
93%
Korea Północna
93%
Korea Południowa
93%
Indie
91%
Kazachstan
91%
Białoruś
90%
Irak
89%
Iran
89%
Izrael
89%
Tadżykistan
86%
Jemen
85%
Uzbekistan
85%
Zjednoczone Emiraty Arabskie
85%
Oman
84%
Afganistan
83%
Kirgistan
82%
Maroko
82%
Grecja
81%
Laos
81%
Algieria
80%
Mongolia
80%
Tajlandia
80%
Katar
79%
Pakistan
79%
Syria
78%
Serbia
77%
Armenia
76%
Libia
76%
Sudan
74%
Kambodża
73%
Bułgaria
72%
Gruzja
71%
Tunezja
71%
Liban
70%
Nepal
70%
Bhutan
68%
Jordania
68%
Kuwejt
68%
Tajwan
67%
Bahrajn
66%
Etiopia
66%
Macedonia Północna
65%
Sri Lanka
63%
Czad
62%
Erytrea
62%
Malezja
62%
Mauretania
62%
Bośnia i Hercegowina
61%
Czarnogóra
61%
Somalia
61%
Bangladesz
60%
Mjanma
60%
Kosowo
58%
Singapur
56%
Dżibuti
54%
Cypr
53%
Brunei
52%
Malediwy
48%
Komory
35%
Fidżi
20%

Rozkład punktacji

Percentyl według liczby udzielonych odpowiedzi

Procent ludzi z każdym wynikiem

Twoja historia wyników

Nie rozwiązałeś tego quizu od ostatniego zresetowania